Medical service in campaign : a handbook for medical officers in the field /

Bibliographic Details
Main Author: Straub, Paul Frederick, 1865-
Format: Book
Language:English
Published: Philadelphia : P. Blakiston, [1912]
Edition:2nd ed.
Subjects:

MARC

Tag First Indicator Second Indicator Subfields
LEADER 00000cam a2200000 4500
001 in00000054724
005 20151008052107.0
008 721130s1912 pau b 00000 eng u
010 |a  12001714  
035 |a (OCoLC)00504133 
035 |9 AAH1632AM 
040 |c OSU  |d TXA  |d UtOrBLW 
049 |a TXAS [mil] 
050 0 |a UH394  |b .S8 1912 
092 |a 358.3  |b S91 
100 1 |a Straub, Paul Frederick,  |d 1865- 
245 1 0 |a Medical service in campaign :  |b a handbook for medical officers in the field /  |c by Lt. Col. Paul Frederick Straub ; prepared under the direction of the surgeon-general, United States army, and published by authority of the War Department. 
250 |a 2nd ed. 
264 1 |a Philadelphia :  |b P. Blakiston,  |c [1912] 
264 4 |c ©1912 
300 |a ix, 186 pages :  |b illustrations ;  |c 20 cm. 
336 |a text  |b txt  |2 rdacontent 
337 |a unmediated  |b n  |2 rdamedia 
338 |a volume  |b nc  |2 rdacarrier 
504 |a Bibliography: pages 180-181. 
500 |a Includes index. 
650 0 |a Medicine, Military. 
999 |a MARS 
999 f f |s 9c584ea6-fe20-3672-a50d-5963bc7df4d6  |i 002b6a79-4834-397c-b951-53582dcf2209  |t 0 
952 f f |p noncirc  |a Texas A&M University  |b College Station  |c Cushing Memorial Library & Archives  |d Cushing: Ragan Military (Does not check out)  |t 0  |e UH394 .S8 1912  |h Library of Congress classification  |i unmediated -- volume 
998 f f |a UH394 .S8 1912  |t 0  |l Cushing: Ragan Military (Does not check out)